00363pam a2200145a 44500008004100000020000900041041000800050082001100058100003400069245006000103250000600163260003100169300000800200650000900208230515b1991 xxu||||| |||| 00| 0 eng d aNULL aENG a610.73 aJoan L. creasia barbar parker aConceoptual foundation of professional nursing prachice a0 aNULLb"Mosbey, Nd, "c1991 a677 aN.D.